书目信息 |
| 题名: |
塑性成形件质量控制理论与技术
|
|
| 作者: | 吕炎 编著 | |
| 分册: | ||
| 出版信息: | 北京 国防工业出版社 2013.05 |
|
| 页数: | 17,485页 | |
| 开本: | 25cm | |
| 丛书名: | ||
| 单 册: | ||
| 中图分类: | TG3 | |
| 科图分类: | ||
| 主题词: | 金属压力加工--塑性变形--质量控制 , 金属压力加工 , 塑性变形 , 质量控制 | |
| 电子资源: | ||
| ISBN: | 978-7-118-08649-2 | |
| 000 | 01148nam0 2200289 450 | |
| 001 | 010050030615 | |
| 005 | 20140611151634.92 | |
| 010 | @a978-7-118-08649-2@b精装@dCNY120.00 | |
| 100 | @a20130907d2013 em y0chiy0110 ea | |
| 101 | 0 | @achi@deng@eeng |
| 102 | @aCN@b110000 | |
| 105 | @aak z 000yy | |
| 106 | @ar | |
| 200 | 1 | @a塑性成形件质量控制理论与技术@9su xing cheng xing jian zhi liang kong zhi li lun yu ji shu@dTheory and technology of quality control for plastically formed parts@f吕炎等编著@zeng |
| 210 | @a北京@c国防工业出版社@d2013.05 | |
| 215 | @a17,485页@c图@d25cm | |
| 330 | @a本书系统地阐述了塑性成形件质量控制的理论,介绍了塑性成形件质量控制的思路和技术措施。本书侧重阐述体积成形件的质量控制问题。 | |
| 333 | @a共从事塑性加工的科研和技术人员使用,也可供大专院校塑性加工专业的师生参考 | |
| 510 | 1 | @aTheory and technology of quality control for plastically formed parts@zeng |
| 606 | 0 | @a金属压力加工@x塑性变形@x质量控制 |
| 606 | 0 | @a金属压力加工 |
| 606 | 0 | @a塑性变形 |
| 606 | 0 | @a质量控制 |
| 690 | @aTG3@v5 | |
| 701 | 0 | @a吕炎@9lu^ yan@4编著 |
| 801 | 0 | @aCN@b人天书店@c20130907 |
| 905 | @b548884-85@dTG3@e10@f2 | |
| 塑性成形件质量控制理论与技术=Theory and technology of quality control for plastically formed parts/吕炎等编著.-北京:国防工业出版社,2013.05 |
| 17,485页:图;25cm |
| 使用对象:共从事塑性加工的科研和技术人员使用,也可供大专院校塑性加工专业的师生参考 |
| ISBN 978-7-118-08649-2(精装):CNY120.00 |
| 本书系统地阐述了塑性成形件质量控制的理论,介绍了塑性成形件质量控制的思路和技术措施。本书侧重阐述体积成形件的质量控制问题。 |
| ● |
| 相关链接 |
|
|
|
|
正题名:塑性成形件质量控制理论与技术
索取号:TG3/10
 
预约/预借
| 序号 | 登录号 | 条形码 | 馆藏地/架位号 | 状态 | 备注 |
| 1 | 548884 | 205488845 | 第二样本阅览室/ [索取号:TG3/10] | 在馆 | |
| 2 | 548885 | 205488854 | 第三借阅区/ [索取号:TG3/10] | 在馆 |